Normal view
MARC view
Entry Topical Term
001 - CONTROL NUMBER
- control field: 50967
003 - CONTROL NUMBER IDENTIFIER
- control field: dpl
005 - DATE AND TIME OF LATEST TRANSACTION
- control field: 20120809123735.0
008 - FIXED-LENGTH DATA ELEMENTS
- fixed length control field: 120809|||a|||||| | ||| d
040 ## - CATALOGING SOURCE
- Original cataloging agency: dpl
- Transcribing agency: dpl
150 ## - HEADING--TOPICAL TERM
- Topical term or geographic name as entry element: Clothing and dress |x |z India.
- General subdivision: Symbolic aspects
670 ## - SOURCE DATA FOUND
- Source citation: Work cat.: (dpl): Gonsalves, Peter 50957, Khadi :, 2012
670 ## - SOURCE DATA FOUND
- Source citation: Work cat.: (dpl): Gonsalves, Peter 50957, Khadi :, 2012
